Statistics for Shark Movies

Click here to take the quiz!

General Stats

  • This quiz has been taken 50 times
  • The average score is 5 of 8

Answer Stats

YearDescriptionMovie% Correct
1975Aggressive shark terrorizes a small island, and is pursued by a police chief, a marine biologist, and a scruffy captain.Jaws
100%
2013A hurricane spawns several tornadoes that pick up sharks and rain them on Los Angeles.Sharknado
91%
1999Genetically altered Mako sharks unleash their fury upon the scientists who created them.Deep Blue Sea
74%
2018Prehistoric shark is unleashed accidentally by scientists and wreaks havoc.The Meg
63%
2004Two American tourists are accidentally left behind by their tour boat in shark infested waters.Open Water
40%
2016Surfer is stranded in a Great White's feeding ground.The Shallows
40%
2017Scuba divers become stranded on the ocean floor in a shark cage, surrounded by vicious sharks.47 Meters Down
37%
1987A vengeful shark mercilessly pursues a family for the deaths of two other sharks.Jaws: The Revenge
37%

Score Distribution

Percentile by Number Answered

Percent of People with Each Score

Your Score History

You have not taken this quiz